Which City in Oregon? - Statistics

General Stats
  • This quiz has been taken 44 times
  • The average score is 15 of 20
Answer Stats
Description Letter City % Correct
Located at the confluence of the Columbia and Willamette rivers P Portland
100%
State capital of Oregon S Salem
100%
Home to the University of Oregon E Eugene
97%
Most populous city in central Oregon B Bend
95%
Suburb that surrounds the headquarters of Nike B Beaverton
90%
Named for the general at the Siege of Vicksburg G {Grant}s Pass
87%
The Simpsons' hometown was inspired by this city in Oregon, according to Matt Groening S Springfield
87%
"Goonies" and "Kindergarten Cop" take place in this cloudy city on the Columbia River A Astoria
82%
Willamette River city with Oregon State University C Corvallis
82%
Most populous suburb of the above G Gresham
74%
Was the official terminus of the Oregon Trail O Oregon City
74%
This town is the namesake of Oregon's most well-known creamery T Tillamook
74%
Largest city of the Oregon Coast, which shares its metro area with North Bend C Coos Bay
67%
Harry & David, a mixed-rated but famous fruit gift company, is based here M Medford
62%
Located on Yaquina Bay N Newport
62%
The largest bioterrorist attack in U.S. history happened here, perpetrated by followers of the Indian philosopher Osho T(D) The {Dalles}
62%
Home to the Oregon Shakespeare Festival A Ashland
56%
1,600 of this city's 17,000 residents are inmates of a state prison P Pendleton
41%
Calls itself the "Timber Capital of the Nation" R Roseburg
38%
Largest city in eastern Oregon H Hermiston
33%
No matching quizzes found
Score Distribution
Percent of People with Each Score
Percentile by Number Answered
Your Score History
You have not taken this quiz